Shakira Songs - Statistics

General Stats
  • This quiz has been taken 1,897 times
    646 since last reset
  • The average score is 67 of 150
Answer Stats
Hint Answer % Correct
Oral Fixation Hips Don't Lie
85%
Sale el Sol Waka Waka (Esto es África)
84%
Sale el Sol Waka Waka (This Time For Africa)
84%
She Wolf She Wolf
82%
Laundry Service Whenever, Wherever
78%
El Dorado Chantaje
76%
Sale el Sol Loca (Featuring Dizzee Rascal)
76%
Sale el Sol Loca (Featuring El Cata)
76%
Fijación Oral La Tortura
74%
Sale el Sol Sale el Sol
73%
She Wolf Loba
72%
Dónde Están los Ladrones? Ojos Así
70%
Pies Descalzos Pies Descalzos, Sueños Blancos
70%
Shakira Can't Remember To Forget You
69%
El Dorado La Bicicleta
69%
Shakira Dare (La La La)
68%
Shakira La La La
68%
Shakira La La La (Brasil 2014)
68%
Shakira La La La (Brazil 2014)
68%
Sale el Sol Rabiosa (Featuring El Cata)
67%
Sale el Sol Rabiosa (Featuring Pitbull)
67%
Dónde Están los Ladrones? Dónde Están los Ladrones?
63%
El Dorado Me Enamoré
63%
El Dorado Perro Fiel
63%
Pies Descalzos Estoy Aquí
62%
Fijación Oral No
62%
Las mujeres ya no lloran Puntería
62%
Laundry Service Suerte
62%
Las mujeres ya no lloran TQG
62%
Dónde Están los Ladrones? Ciega, Sordomuda
61%
Fijación Oral Las de la Intuición
61%
Magia Magia
61%
Laundry Service Objection (Tango)
61%
Las mujeres ya no lloran Te felicito
61%
Dónde Están los Ladrones?
60%
Pies Descalzos Antología
59%
Fijación Oral Día de Enero
59%
Dónde Están los Ladrones? Inevitable
59%
Las mujeres ya no lloran Monotonía
59%
Sale el Sol Addicted To You
58%
Laundry Service Underneath Your Clothes
58%
Shakira Empire
57%
She Wolf Gypsy
57%
Peligro Peligro
55%
Laundry Service Te Aviso, Te Anuncio (Tango)
55%
Dónde Están los Ladrones? Si Te Vas
54%
Las mujeres ya no lloran Acróstico
53%
Dónde Están los Ladrones? Moscas en la Casa
53%
Laundry Service Poem To a Horse
53%
El Dorado Amarillo
52%
Sale el Sol Antes De Las Seis
50%
She Wolf Did It Again
50%
Oral Fixation Don't Bother
50%
Las mujeres ya no lloran El jefe
50%
She Wolf Gitana
49%
Laundry Service Te Dejo Madrid
49%
Las mujeres ya no lloran Copa vacía
48%
El Dorado Deja Vu
48%
Pies Descalzos Dónde Estás Corazón?
48%
Las mujeres ya no lloran La fuerte
48%
El Dorado Nada
48%
Laundry Service Eyes Like Yours
47%
Sale el Sol Gordita
46%
Fijación Oral La Pared
46%
She Wolf Lo Hecho Está Hecho
46%
Dónde Están los Ladrones? No Creo
46%
Laundry Service The One
46%
El Dorado Coconut Tree
45%
Las mujeres ya no lloran Nassau
45%
Las mujeres ya no lloran Última
45%
Las mujeres ya no lloran Cohete
44%
Oral Fixation Illegal
44%
Laundry Service Que Me Quedes Tú
44%
El Dorado Trap
44%
Sale el Sol Mariposas
43%
She Wolf Men in This Town
43%
Dónde Están los Ladrones? Octavo Día
43%
She Wolf Why Wait
43%
Shakira 23
42%
She Wolf Give It Up To Me
42%
Oral Fixation Animal City
41%
Fijación Oral Día Especial
41%
Laundry Service Ready For The Good Times
41%
She Wolf Spy
41%
Las mujeres ya no lloran (Entre paréntesis)
40%
Laundry Service Rules
40%
Las mujeres ya no lloran Cómo dónde y cuándo
39%
Laundry Service Fool
39%
Dónde Están los Ladrones? Que Vuelvas
39%
Pies Descalzos Se Quiere, Se Mata
39%
Dónde Están los Ladrones? Sombra De Ti
39%
El Dorado Toneladas
39%
El Dorado When a Woman
39%
Sale el Sol Islands
38%
She Wolf Mon Amour
38%
Oral Fixation Timor
38%
Oral Fixation Costume Makes the Clown
37%
Fijación Oral En Tus Pupilas
37%
Fijación Oral Escondite Inglés
37%
Oral Fixation Hey You
37%
Fijación Oral Obtener Un Sí
37%
Las mujeres ya no lloran Tiempo sin verte
37%
Oral Fixation How Do You Do
36%
She Wolf Long Time
36%
Shakira Medicine
36%
Sale el Sol Tu Boca
36%
Pies Descalzos Un Poco De Amor
36%
She Wolf Años Luz
35%
Pies Descalzos Pienso En Ti
35%
Las mujeres ya no lloran Shakira: BZRP Music Sessions, Vol. 53
35%
Oral Fixation The Day and the Time
35%
El Dorado Comme Moi
34%
Sale el Sol Devoción
34%
Shakira Nunca Me Acuerdo de Olvidarte
34%
Oral Fixation Something
34%
Pies Descalzos Vuelve
34%
Shakira Cut Me Deep
33%
She Wolf Good Stuff
33%
Sale el Sol Lo Que Más
33%
Pies Descalzos Te Espero Sentada
32%
Pies Descalzos Te Necesito
32%
El Dorado What We Said
32%
Shakira You Don't Care About Me
32%
Fijación Oral Lo Imprescindible
31%
Pies Descalzos Quiero
31%
Shakira The One Thing
28%
Shakira Broken Record
27%
Shakira Spotlight
27%
Oral Fixation Your Embrace
27%
Oral Fixation Dreams for Plans
26%
Shakira Chasing Shadows
25%
Shakira Loca Por Ti
24%
Shakira Boig Per Tu
20%
Peligro 1968
19%
Peligro Brujería
19%
Peligro Eres
17%
Magia Sueños
17%
Magia Gafas Oscuras
16%
Shakira That Way
16%
Peligro Quince Años
13%
Peligro Tú Serás La Historia De Mi Vida
12%
Magia Esta Noche Voy Contigo
10%
Peligro Eterno Amor
8%
Peligro Último Momento
8%
Magia Cazador De Amor
7%
Peligro Este Amor Es Lo Más Bello Del Mundo
7%
Magia Lejos De Tu Amor
7%
Magia Necesito De Ti
7%
Magia Cuentas Conmigo
5%
Peligro Controlas Mi Destino
3%
No matching quizzes found
Score Distribution
Percent of People with Each Score
Percentile by Number Answered
Your Score History
You have not taken this quiz since the last reset